000 00265nam a22001217a 4500
008 171023b xxu||||| |||| 00| 0 eng d
041 _aeng
080 _26TH
_a311
100 _a55
101 _aSTA
245 _aSTATISTICAL METHODS
_cCOCHRAN,W.G
942 _2udc
_cBK
999 _c35578
_d35578